Oxford dictionary of quotations and proverbs : Vol- II (Record no. 1353)

MARC details
000 -LEADER
Fixed length control field 00467nam a2200169 4500
003 - CONTROL NUMBER IDENTIFIER
Control field SEACOMEC
005 - DATE AND TIME OF LATEST TRANSACTION
Control field 20240619121635.0
008 - FIXED-LENGTH DATA ELEMENTS--GENERAL INFORMATION
Fixed length control field 240619b |||||||| |||| 00| 0 eng d
020 ## - INTERNATIONAL STANDARD BOOK NUMBER / ISBN
International Standard Book Number 9780195676983
040 ## - CATALOGING SOURCE
Original cataloging agency SEACOMEC
082 ## - DEWEY DECIMAL CLASSIFICATION NUMBER
Classification number 423.5
Book Number R232
100 ## - MAIN ENTRY--PERSONAL NAME
Personal name Ratcliffe, Susan, ed
245 ## - TITLE STATEMENT
Title Oxford dictionary of quotations and proverbs : Vol- II
Statement of responsibility Susan Ratcliffe
260 ## - IMPRINT
Place of publication New York
Name of publisher Oxford University Press
Date of publication 2006
300 ## - PHYSICAL DESCRIPTION
Page / Vol. No vol-2
942 ## - ADDED ENTRY ELEMENTS (KOHA)
Koha item type Books
Holdings
Withdrawn status Lost status Source of classification Damaged status Not for loan Home library Current library Date acquired Total Checkouts Call number Accession number Date last seen Price effective from Koha item type
    Dewey Decimal Classification     SEACOM ENGINEERING COLLEGE SEACOM ENGINEERING COLLEGE 14/11/2006   423.5 R232 5705 19/06/2024 19/06/2024 Books
    Dewey Decimal Classification     SEACOM ENGINEERING COLLEGE SEACOM ENGINEERING COLLEGE 14/11/2006   423.5 R232 5706 19/06/2024 19/06/2024 Books
© Seacom Engineering College, All rights reserved.      Powered by Koha